<?xml version="1.0" encoding="UTF-8"?>
<record
    xmlns:xsi="http://www.w3.org/2001/XMLSchema-instance"
    xsi:schemaLocation="http://www.loc.gov/MARC21/slim http://www.loc.gov/standards/marcxml/schema/MARC21slim.xsd"
    xmlns="http://www.loc.gov/MARC21/slim">

  <leader>01092nam a22001577a 4500</leader>
  <controlfield tag="003">NUST</controlfield>
  <controlfield tag="005">20221007101133.0</controlfield>
  <datafield tag="020" ind1=" " ind2=" ">
    <subfield code="a">978-969-23497-0-3</subfield>
  </datafield>
  <datafield tag="082" ind1=" " ind2=" ">
    <subfield code="a">683.422, MUH</subfield>
  </datafield>
  <datafield tag="100" ind1=" " ind2=" ">
    <subfield code="a">Muhammad Adnan, Lieutenant General Syed</subfield>
    <subfield code="9">99443</subfield>
  </datafield>
  <datafield tag="245" ind1=" " ind2=" ">
    <subfield code="a">Black Magic with Long Range Precision Rifle: </subfield>
    <subfield code="b">Science and Art of Cold Bore Accuracy at Unknown Distances/ </subfield>
    <subfield code="c">Lieutenant General Syed Muhammad Adnan HI (M) </subfield>
    <subfield code="6">If you miss a shot, there is got to be a reason</subfield>
  </datafield>
  <datafield tag="260" ind1=" " ind2=" ">
    <subfield code="a">Pakistan </subfield>
    <subfield code="b">Saeed Book Bank Islamabad</subfield>
    <subfield code="c">2021</subfield>
  </datafield>
  <datafield tag="300" ind1=" " ind2=" ">
    <subfield code="a">xii, 470: pages </subfield>
  </datafield>
  <datafield tag="505" ind1=" " ind2=" ">
    <subfield code="a">Long Range Precision Rifle Shooting (Page-1), Long range Weapon System (Page-7), Long Range Ammunition (Page-21), Long Range Rifle (Page-61), Long Range Optical Sight (Page-93), Internal Ballistics  (Page-141), External Ballistics (Page-173), Calculating Firing Solution (Page-263), Reloading Long Range Rifle Ammunition (Page-331), Long Range Rifle Maintenance Regime (Page-357), Range to the Target (Page-377), Essential Skills for Long Range Precision Rifle Fire (Page-399), Art of Sniping (Page-415).     </subfield>
  </datafield>
  <datafield tag="942" ind1=" " ind2=" ">
    <subfield code="2">ddc</subfield>
    <subfield code="c">BK</subfield>
  </datafield>
  <datafield tag="999" ind1=" " ind2=" ">
    <subfield code="c">591563</subfield>
    <subfield code="d">591563</subfield>
  </datafield>
  <datafield tag="952" ind1=" " ind2=" ">
    <subfield code="0">0</subfield>
    <subfield code="1">0</subfield>
    <subfield code="2">ddc</subfield>
    <subfield code="4">0</subfield>
    <subfield code="7">0</subfield>
    <subfield code="a">MCS</subfield>
    <subfield code="b">MCS</subfield>
    <subfield code="c">REF</subfield>
    <subfield code="d">2022-10-07</subfield>
    <subfield code="o">683.422,MUH</subfield>
    <subfield code="p">MCS38587</subfield>
    <subfield code="r">2022-10-07</subfield>
    <subfield code="w">2022-10-07</subfield>
    <subfield code="y">BK</subfield>
    <subfield code="z">Almirah Fresh No.45, Shelf No.5</subfield>
  </datafield>
</record>
